The Handbook of Social Psychology : Theory and Method /

Guardado en:
Detalles Bibliográficos
Autor principal: Lindzey, Gardner (ed.)
Otros autores: Aronson, Elliot (ed.) (ed.)
Formato: Libro
Idioma:Inglés
Publicado: Reading, EUA : Addison-Wesley, 1985, c1985
Edición:3a edición
Temas:
Etiquetas: Agrega una etiqueta
Sin etiquetas, Sé el primero en etiquetar este registro!

MARC

LEADER 00000nam^a2200000^a^4500
001 000291918
005 20250521000000.0
009 20260310112052.268
020 |a 0-394-35049-9 
037 |a Acervo ITESO - Biblioteca 
041 |a ING 
082 |a 302.  |b LIN 1985 V. 1 
100 |a Lindzey, Gardner  |e (ed.) 
240 1 5 |a [The Handbook of Social Psychology] 
245 1 4 |a The Handbook of Social Psychology :  |b Theory and Method /  |c Ed. de G. Lindzey, E. Aronson. 
250 |a 3a edición 
264 4 |a Reading, EUA :  |b Addison-Wesley,  |c 1985, c1985 
300 |a XVI, 816 p. 
336 |a texto  |b txt  |2 rdacontenido 
337 |a sin mediación  |b n  |2 rdamedio 
338 |a volumen  |b nc  |2 rdasoporte 
649 |a XX 
650 |a Psicología Social -  |x Tema Principal 
650 |a Psicología Social -  |x Investigación 
650 |a Psicología Social -  |x Teoría 
650 |a Psicología 
700 |a Aronson, Elliot  |e (ed.) 
910 |a Fondo General 
920 |a Impresos - Libros 
930 |a Colección General 
905 |a 101 
901 |a 0500069054  |b IT1  |c ACC  |i 906699  |u 20250521 
902 |a https://opac.biblio.iteso.mx/vufind/Record/000291918